Tài chánh học và thuế pháp giản yếu : Soạn theo chương trình lớp Năng lực hành chánh và các kỳ thi Tham sự

Sách trình bày các khái niệm đại cương về tài chánh học, ngân sách và các tài nguyên quốc gia dười thời Việt Nam Cộng hòa.

Sparad:
Bibliografiska uppgifter
Huvudupphovsman: Nghiêm, Đằng
Materialtyp: Bok
Språk:Undetermined
Publicerad: Sài Gòn Hội nghiên cứu hành chánh 1968
Ämnen:
Taggar: Lägg till en tagg
Inga taggar, Lägg till första taggen!
Thư viện lưu trữ: Trung tâm Học liệu Trường Đại học Cần Thơ
LEADER 00909nam a2200205Ia 4500
001 CTU_204947
008 210402s9999 xx 000 0 und d
082 |a 332 
082 |b Đ116 
100 |a Nghiêm, Đằng 
245 0 |a Tài chánh học và thuế pháp giản yếu : 
245 0 |b Soạn theo chương trình lớp Năng lực hành chánh và các kỳ thi Tham sự 
245 0 |c Nghiêm Đằng, Nguyễn Thanh Bạch, Lê Công Truyền 
260 |a Sài Gòn 
260 |b Hội nghiên cứu hành chánh 
260 |c 1968 
520 |a Sách trình bày các khái niệm đại cương về tài chánh học, ngân sách và các tài nguyên quốc gia dười thời Việt Nam Cộng hòa. 
650 |a Finance,Tài chính 
904 |i Hải 
980 |a Trung tâm Học liệu Trường Đại học Cần Thơ